| 000 | 00904nam a2200265Ia 4500 | ||
|---|---|---|---|
| 005 | 20250425162128.0 | ||
| 008 | 250425s9999 xx 000 0 und d | ||
| 020 | _a8471145979 | ||
| 041 | _aspa | ||
| 082 | _a636 | ||
| 100 | _aBUXADE CARBO, CARLOS | ||
| 245 | 0 | _aZOOTECNIA BASES DE PRODUCCION ANIMAL V. 7 | |
| 250 | _a1A ED. | ||
| 260 |
_aEspaƱa _bMUNDI PRENSA _c1996 |
||
| 260 | _aMADRID | ||
| 300 | _a342 | ||
| 500 | _aEN CIBGZ-FIMCP 50216 V.7 PARA ING. AGROP. | ||
| 520 | _aEN EL AMBITO DEFINIDO POR LA ZOOTECNIA, ENTENDIDA COMO CIENCIA, LAS PRODUCCIONES ANIMALES, CONSIDERADAS COMO UN CONJUNTO DE CONOCIMIENTOS BIOLOGICOS, TECNICAS DE PRODUCCION Y SISTEMAS DE EXPLOTACION, APLICADOS CON LA INTENCION PRIMERA DE OBTENER, A TRAVE | ||
| 650 | _aCARNE-PRODUCCION | ||
| 650 | _aLECHE | ||
| 650 | _aPASTEURIZACION | ||
| 650 | _aPRODUCCION PORCINA | ||
| 942 | _c01 | ||
| 010 | _a51697 | ||
| 999 |
_c222897 _d222897 |
||